000 02007nam0a2200373 4500
001 RU\NLR\bibl\1490550
005 20260407181612.0
021 _aRU
_b2010-7164
_9465
035 _a(nilc)RSL-KNO-004578661
035 _a(NLR Aleph) 001482121
090 _a1710139
_c1710139
100 _a20100205d2008 |||y0rusy50 ca
101 1 _arus
_cund
102 _aRU
105 _aa |||||||||
200 1 _aПодготовка к вечной жизни
_e[учебное пособие
_fАбу Хамид аль-Газали
_gпер. и ред.: М. А. Омаров, М. П. Гаджиев
_gподстрочный пер. стихов: М. - Р. М. Омаров]
_gСеверо-Кавказский унив. центр исламского образования и науки, Ин-т теологии и религиоведения
210 _aМахачкала
_cИхсан
_d2008
215 _a153 с.
_cил.
_d21
300 _aНа обл. авт.: Абу Хамид аль-Газали, Ибн Хаджар аль-Аскаляни, Мухаммад-амин аль-Курди, Саид-афанди аль-Чиркови
606 1 _aБогословие мусульманское
_91077808
_3RU\NLR\auth\66102067
686 _aЭ38-422.2,12
_2rubbk
686 _aЭ38-4
702 1 _4220
_8rus
_7ca
_aГазали
_bА. Х. М.
_f1058-1111
_gАбу Хамид Мухаммед
_3RU\NLR\auth\7712689
_9122400
702 1 _4340
_8rus
_7ca
_aОмаров
_bМ. А.
_cрелигиовед, переводчик
_3RU\NLR\AUTH\7788400
_971328
702 1 _aОмаров
_bМ. -Р.М.
_4730
712 0 2 _4570
_aСеверо-Кавказский университетский центр исламского образования и науки
_cМахачкала
_3RU\NLR\AUTH\8810116403
_9732068
801 0 _aRU
_bRuMoRGB
_c20100205
_gRCR
801 1 _aRU
_bRuMoRGB
_c20100205
801 2 _aRU
_bNLR
_c20100325
_grcr
942 _cBOOK
980 _aNB
980 _aNBR